=LDR 00000nam 2200000 4500 =001 INLIS000000000031185 =005 20130612133254 =008 ***********************************Ind** =035 ##$$0010-061300000031185 =041 ##$$a Ind =082 ##$$a 646.5 =090 ##$$a 646.5, Elm b =100 ##$$a Elmir, Tatty =245 ##$$a Biarkan warna bicara, kerudung apik untuk berbagi suasana hati, Tatty Elmir; Dwi Endang Ismurwati, Vita Hurmawaty =260 ##$$a 2008 $b Jakarta =300 ##$$a 70 hlm, ilus, 24 cm =650 ##$$a Pakaian wanita - Jilbab =700 ##$$a Ismurwati, Dwi Endang, Hurmawaty =850 ##$$a NBPNMAT =990 ##$$a 0001/BPAP-NTB/20142015 =990 ##$$a 0001/BPAP-NTB/20142015